00289nam a22000977a 4500008004100000020001500041245007100056260003000127300001500157650001900172200306b xxu||||| |||| 00| 0 eng d a0754648818 aEthics, Law and Society cEdited by Jennifr Gunning and Soren Holm aLondonbTaylor & Francis  axix, 326p. aApplied Ethics